00295nam a2200121Ia 4500003000400000005001700004008004100021020001800062040002000080100001600100245003700116260002000153OSt20231220070142.0170524s9999 xx 000 0 und d a9788184110708 cIIMT UNIVERSITY aRAJSEKAR- T 0aJOURNALISM : ETHICS & OBJECTIVES bN DELHI SONALI